| 000 | 00399nam a22001577a 4500 | ||
|---|---|---|---|
| 003 | SGT | ||
| 020 | _a9789352705528 | ||
| 082 |
_a617.601 _bP19M |
||
| 100 | _aMarya, CM | ||
| 245 | _aA Practical Manual of Public Health Dentistry | ||
| 250 | _a2ND | ||
| 260 |
_aNEW DELHI _bJaypee Brothers Medical Publishers _c2019 |
||
| 300 | _a1-315 | ||
| 650 | _aPUBLIC HEALTH DENTISTRY | ||
| 942 |
_2ddc _cBK _099 |
||
| 999 |
_c20932 _d20932 |
||